| 000 | 00528cam a22001217a 4500 | ||
|---|---|---|---|
| 008 | 180718b1988 xxu||||| |||| 00| 0 eng d | ||
| 082 | _aPROJ.REP. 1988/UPA | ||
| 100 | _aUpadhyay, J.N. | ||
| 245 |
_aCase studies pertaining small scale watersheds choti-bari nangal, district - Ropar (Punjab) manhota- katur, district - Hoshiarpur (Punjab) and bunga, district - Ambala (Haryana) _cby J.N. Upadhyay |
||
| 260 |
_aNew Delhi _bIndian Institute of Public Administration _c1988 |
||
| 300 | _a91+p. | ||
| 440 | _aIIPA Working Paper, 1988: 4 | ||
| 999 |
_c492309 _d492309 |
||